Online
Catalog

Proceso judicial : (Record no. 51159)

MARC details
000 -CABECERA
campo de control de longitud fija 01158nam a22002777a 4500
003 - IDENTIFICADOR DEL NÚMERO DE CONTROL
campo de control DO-SdBNP
005 - FECHA Y HORA DE LA ÚLTIMA TRANSACCIÓN
campo de control 20260216104103.0
007 - CAMPO FIJO DE DESCRIPCIÓN FÍSICA--INFORMACIÓN GENERAL
campo de control de longitud fija ta
008 - DATOS DE LONGITUD FIJA--INFORMACIÓN GENERAL
campo de control de longitud fija 220113b1998 a|||e |||| 001 0 spa d
040 ## - FUENTE DE LA CATALOGACIÓN
Centro catalogador/agencia de origen DO-SdBNP
Lengua de catalogación spa
Centro/agencia transcriptor BNPHU
082 4# - NÚMERO DE LA CLASIFICACIÓN DECIMAL DEWEY
Número de edición 22
Número de clasificación 347.05
Número de documento/Ítem R426p
110 ## - ENTRADA PRINCIPAL--NOMBRE DE ENTIDAD CORPORATIVA
Nombre de entidad corporativa o nombre de jurisdicción como elemento de entrada República Dominicana.
Unidad subordinada Procuraduría General de la República
9 (RLIN) 80954
245 10 - MENCIÓN DE TÍTULO
Título Proceso judicial :
Resto del título expedicionarios de Luperón, 1949 /
Mención de responsabilidad, etc. Abel Rodríguez del Orbe . editores Bonaparte Gautreaux Piñeyro, Ysmael Paniagua Gurrero.
260 ## - PUBLICACIÓN, DISTRIBUCIÓN, ETC.
Lugar de publicación, distribución, etc. Santo Domingo :
Nombre del editor, distribuidor, etc. Procuraduría General de la República,
Fecha de publicación, distribución, etc. 1998.
300 ## - DESCRIPCIÓN FÍSICA
Extensión v. :
Otras características físicas il. ;
Dimensiones 27 cm
490 ## - MENCIÓN DE SERIE
Mención de serie Colección Procesos No.1,
Designación de volumen o secuencia v.1
590 ## - NOTA LOCAL (RLIN)
Nota local Inventariado, 2022 / SA
650 4# - PUNTO DE ACCESO ADICIONAL DE MATERIA--TÉRMINO DE MATERIA
Término de materia o nombre geográfico como elemento de entrada Procesos
Subdivisión general Derecho
Subdivisión geográfica República Dominicana
9 (RLIN) 80925
650 4# - PUNTO DE ACCESO ADICIONAL DE MATERIA--TÉRMINO DE MATERIA
Término de materia o nombre geográfico como elemento de entrada Procesos
Subdivisión general Causas célebres
Subdivisión geográfica República Dominicana
9 (RLIN) 80923
650 40 - PUNTO DE ACCESO ADICIONAL DE MATERIA--TÉRMINO DE MATERIA
Término de materia o nombre geográfico como elemento de entrada Proceso judicial
9 (RLIN) 80924
700 1# - PUNTO DE ACCESO ADICIONAL--NOMBRE DE PERSONA
9 (RLIN) 21525
Nombre de persona Rodríguez del Orbe, Abel
Término indicativo de función/relación Procurador General de la República
700 1# - PUNTO DE ACCESO ADICIONAL--NOMBRE DE PERSONA
Nombre de persona Gautreaux Piñeyro, Bonaparte. Paniagua Gurrero, Ysmael
Término indicativo de función/relación editores
9 (RLIN) 80928
830 ## - PUNTO DE ACCESO ADICIONAL DE SERIE-TÍTULO UNIFORME
Número de parte o sección de la obra Colección Procesos 1
9 (RLIN) 80955
910 ## - DATOS DE OPCIÓN DEL USUARIO (OCLC)
Datos de opción del usuario Saquino
942 ## - ELEMENTOS DE PUNTO DE ACCESO ADICIONAL (KOHA)
Fuente del sistema de clasificación o colocación Dewey Decimal Classification
Tipo de ítem Koha Libro
Holdings
Estado de retiro Estado de pérdida Fuente del sistema de clasificación o colocación Restricciones de uso No para préstamo Código de colección Localización permanente Ubicación/localización actual Ubicación en estantería Fecha de adquisición Fuente de adquisición Total de préstamos Signatura topográfica completa Código de barras Fecha visto por última vez Número de copia Precio válido a partir de Tipo de ítem Koha Nota pública
    Dewey Decimal Classification Préstamo en sala   Monografías: Libros y Folletos Biblioteca Nacional Pedro Henríquez Ureña Dominicana En catalogación 10.01.2016 Donado   BNPHU DS 347.05 R426p 2022-0071 13.01.2022 v.1, e.3 13.01.2022 Libro S/A
    Dewey Decimal Classification   Préstamo en sala Monografías: Libros y Folletos Biblioteca Nacional Pedro Henríquez Ureña Dominicana En catalogación 10.01.2018 Donado   BNPHU PD 347.05 R426p 2022-0072 13.01.2022 v.1, e.4 13.01.2022 Libro S/A
    Dewey Decimal Classification Préstamo en sala   Monografías: Libros y Folletos Biblioteca Nacional Pedro Henríquez Ureña Dominicana En catalogación 01.02.2018 Donado por la Procuraduría   BNPHU DS 347.05 R426p 2022-0118 18.01.2022 v.1, e.5 18.01.2022 Libro  
    Dewey Decimal Classification Excluido de préstamo   Monografías: Libros y Folletos Biblioteca Nacional Pedro Henríquez Ureña Patrimonio Dominicano En catalogación 10.01.2018 Donado   BNPHU PD 347.05 R426p 2022-0069 13.01.2022 v.1 13.01.2022 Libro S/A
    Dewey Decimal Classification Excluido de préstamo   Monografías: Libros y Folletos Biblioteca Nacional Pedro Henríquez Ureña Patrimonio Dominicano En catalogación 10.01.2018 Donado   BNPHU PD 347.05 R426p 2022-0070 13.01.2022 v.1, e.2 13.01.2022 Libro S/A

Powered by Koha